000 02292cam a22005894i 4500
003 PE-LiUPU
005 20250731180148.0
008 140716 2006 sp ado g 1 spa d
020 _a9788428209441
035 _a(Sirsi) i9788428209441
035 _a(Sirsi) 47749
035 _a(Sirsi) 47749
040 _aPE-LiUPU
_bspa
_cPE-LiUPU
_erda
082 0 4 _a551.576
_bG
100 1 _aHäckel, Hans,
_d1942-
245 _aNube :
_bGuía de identificación /
_cHans Häckel ; [traducción, Dulcinea Otero-Piñeiro].
264 1 _aBarcelona :
_bOmega,
_c2006
300 _a188 páginas :
_bilustraciones gráficos, fotografías ;
_c19 cm
336 _atext
_btxt
_2rdacontent
337 _aunmediated
_bn
_2rdamedia
338 _avolume
_bnc
_2rdacarrier
504 _aIncluye bibliografía.
505 0 _aUn poco de física de las nubes. Formación, desarrollo y desvanecimiento de las nubes. Clasificación dela nubes. Las nubes de la clasificación internacional en imágenes. Nubes altas. Nubes medianas. Nubes bajas. Nubes de desarrollo vertical.
526 _aSEG44
526 _aSEG26
526 _aP159
526 _aP155
526 _aP154
526 _aP153
526 _aP150
526 _aP100
526 _aP31
526 _aP30
526 _aP26
526 _aP25
526 _aP24
526 _aP22
526 _aP15
526 _aP10
650 1 4 _aNubes.
700 1 _aOtero-Piñeiro, Dulcinea,
_etraductor.
700 1 _aGaladi-Enríquez, David,
_erevisor.
942 _2ddc
_cBOOK
949 _a551.576 G
_i65525
_lCCODEBUL1
_mBUL
_tLIBRO
_o.STAFF. Colección General
949 _a551.576 G
_i70198
_lCCODEBUL1
_mBUL
_tLIBRO
_o.STAFF. Colección General
910 _agl
_clch
_d20121009
596 _a1
999 _a551.576 G
_wDEWEY
_c54005
_i65525
_d54005
_e2015-8-13
_f2021-11-9
_g7
_lCCODEBUL1
_mBUL
_n1
_p47.00
_r0
_sY
_tBOOK
_u2015-7-6
_xINGENIERIA
_PP24
_0COMPRA
_o.STAFF. Colección General
999 _a551.576 G
_wDEWEY
_c2
_i70198
_d2018-8-15
_e2018-8-14
_f2021-11-9
_g7
_lCCODEBUL1
_mBUL
_n4
_p45.00
_q1
_r0
_sY
_tBOOK
_u2015-7-23
_xINGENIERIA
_PP24
_0COMPRA
_o.STAFF. Colección General
980 _81
_gALBERTO SANCHEZ Responsable de Automatización